ঢ়
ক্ষ
ড়
ঢ়
য়
র-ফলা‌‌‌
 
 
য-ফলা
ি
 
 
রেফ
 
 
 
যুক্ত করুন/হসন্ত
Space
Enter

Indian architecture : (Record no. 3368)

000 -LEADER
fixed length control field 00578cam a2200193 4500
001 - CONTROL NUMBER
control field 63
003 - CONTROL NUMBER IDENTIFIER
control field BD-DhUAP
005 - DATE AND TIME OF LATEST TRANSACTION
control field 20200304112514.0
008 - FIXED-LENGTH DATA ELEMENTS--GENERAL INFORMATION
fixed length control field 200304s1956 ii abe b 001 0 eng
040 ## - CATALOGING SOURCE
Original cataloging agency DLC
Transcribing agency DLC
Modifying agency BD-DhUAP
Language of cataloging Eng
082 ## - DEWEY DECIMAL CLASSIFICATION NUMBER
Edition number 23
Classification number 720.954 BRO
100 1# - MAIN ENTRY--PERSONAL NAME
Personal name Brown, Percy.
245 10 - TITLE STATEMENT
Title Indian architecture :
Remainder of title islamic periond /
Statement of responsibility, etc. Percy Brown.
260 ## - PUBLICATION, DISTRIBUTION, ETC.
Place of publication, distribution, etc. Bombay :
Name of publisher, distributor, etc. D. B. Taraporevala Sons & Co. Pvt. Ltd.,
Date of publication, distribution, etc. c1956.
300 ## - PHYSICAL DESCRIPTION
Extent various pages :
Other physical details illustrations ;
Dimensions 29 cm.
500 ## - GENERAL NOTE
General note Includes index.
650 #0 - SUBJECT ADDED ENTRY--TOPICAL TERM
Topical term or geographic name entry element Architecture
Geographic subdivision India
General subdivision History.
942 ## - ADDED ENTRY ELEMENTS (KOHA)
Source of classification or shelving scheme
Koha item type Book
Holdings
Withdrawn status Lost status Source of classification or shelving scheme Damaged status Not for loan Permanent Location Current Location Shelving location Date acquired Full call number Barcode Date last seen Copy number Price effective from Koha item type
          UAP Central Library UAP Central Library General Stacks 2020-03-04 720.954 BRO 3010000063 2020-03-04 1 2020-03-04 Book

All rights reserved © UAP Central Library,
University of Asia Pacific.